01041 a2200241 4500003000500000005001700005010001600022020001700038040000900055082001900064245009100083250001200174260007800186300002700264505017800291650004700469650003200516700003100548700002700579942002800606999001900634952014600653Nust20221216120537.0 a 87032850 a008034321X : cNust00a306.270973,MIL04aThe Military :bmore than just a job? / cedited by Charles C. Moskos & Frank R. Wood. a1st ed. aWashington :bPergamon-Brassey's International Defense Publishers,c1988. axiii, 305 p. ;c24 cm. aInstitution Versus Occupation (Paeg-3), Issues in the American Military (Paeg-79), Comparative Perspective (Paeg-153), Institution Versus Occupation Reconsidered (Paeg-279). 0aArmed ForcesxVocational guidance.9105058 0aSociology, Military.9486221 aMoskos, Charles C.91050591 aWood, Frank R.9105060 2ddccBKk306.270973,MIL c190586d190586 00102ddc4070aMCSbMCScGENd2016-12-12l1m3o306.270973,MILpMCS26570r2025-05-19s2025-04-22w2016-12-12yBKzAlmirah No.49, Shelf No.2